Detalles MARC
| 000 -CABECERA |
| campo de control de longitud fija |
01080nam a2200253 a 4500 |
| 001 - NÚMERO DE CONTROL |
| campo de control |
000032577 |
| 005 - FECHA Y HORA DE LA ÚLTIMA TRANSACCIÓN |
| campo de control |
20250701132841.0 |
| 008 - DATOS DE LONGITUD FIJA--INFORMACIÓN GENERAL |
| campo de control de longitud fija |
110719s2010 bl 000 0 spa d |
| 020 ## - NÚMERO INTERNACIONAL ESTÁNDAR DEL LIBRO |
| Número Internacional Estándar del Libro |
9788579830648 |
| 040 ## - FUENTE DE LA CATALOGACIÓN |
| Centro catalogador/agencia de origen |
DO-SdBNP |
| Lengua de catalogación |
spa |
| Centro/agencia transcriptor |
BNPHU |
| 082 ## - NÚMERO DE LA CLASIFICACIÓN DECIMAL DEWEY |
| Número de clasificación |
338.9 |
| Número de documento/Ítem |
J82c |
| 111 2# - ENTRADA PRINCIPAL--NOMBRE DE CONGRESO/REUNIÓN |
| Nombre de congreso/reunión o jurisdicción como elemento de entrada |
Jornada de Ciências Sociais: jornada de estudos Celso Furtado |
| Fecha del congreso/reunión |
(2006 : |
| Sede del congreso/Lugar de la reunión |
Marília) |
| 9 (RLIN) |
58505 |
| 245 10 - MENCIÓN DE TÍTULO |
| Título |
Celso Furtado : |
| Resto del título |
os desafios do desenvolvimento / |
| Mención de responsabilidad, etc. |
organizadores Francisco Luiz Corsi, José Marangoni Camargo. |
| 260 ## - PUBLICACIÓN, DISTRIBUCIÓN, ETC. |
| Lugar de publicación, distribución, etc. |
Sao Paulo : |
| Nombre del editor, distribuidor, etc. |
Cultura Académica |
| -- |
Marília |
| -- |
Oficina Universitária, |
| Fecha de publicación, distribución, etc. |
2010. |
| 300 ## - DESCRIPCIÓN FÍSICA |
| Extensión |
261 p. : ; |
| Dimensiones |
23 cm. |
| 500 ## - NOTA GENERAL |
| Nota general |
Incluye referencias bibliográficas y notas al pie de las paginas |
| 504 ## - NOTA DE BIBLIOGRAFÍA, ETC. |
| Nota de bibliografía, etc. |
Incluye bibliografias al final de los capítulos |
| 600 14 - PUNTO DE ACCESO ADICIONAL DE MATERIA--NOMBRE DE PERSONA |
| Nombre de persona |
FURTADO, CELSO, |
| Fechas asociadas al nombre |
1920-2004 |
| Subdivisión general |
CRÍTICA E INTERPRETACIÓN |
| 9 (RLIN) |
58506 |
| 650 #0 - PUNTO DE ACCESO ADICIONAL DE MATERIA--TÉRMINO DE MATERIA |
| Término de materia o nombre geográfico como elemento de entrada |
Desarrollo económico |
| 9 (RLIN) |
85548 |
| 651 #4 - PUNTO DE ACCESO ADICIONAL DE MATERIA--NOMBRE GEOGRÁFICO |
| Nombre geográfico |
Brasil |
| Subdivisión general |
Condiciones Económicas |
| 9 (RLIN) |
58507 |
| 700 12 - PUNTO DE ACCESO ADICIONAL--NOMBRE DE PERSONA |
| Nombre de persona |
Corsi, Francisco Luiz |
| 9 (RLIN) |
58508 |
| 700 12 - PUNTO DE ACCESO ADICIONAL--NOMBRE DE PERSONA |
| Nombre de persona |
Marangoni Camargo, José |
| 9 (RLIN) |
58509 |
| 910 ## - DATOS DE OPCIÓN DEL USUARIO (OCLC) |
| Datos de opción del usuario |
Validado. Control de calidad MFF |